[Event "13. Obert Int. Sant Marti 2011"]
[Site "Barcelona ESP"]
[Date "2011.07.19"]
[Round "7.17"]
[White "Neffe, Axel"]
[Black "Rios, Cristhian Camilo"]
[Result "1-0"]
[WhiteElo "2260"]
[BlackElo "2424"]
[PlyCount "83"]
[EventDate "2011.07.13"]
[EventType "swiss"]
[EventRounds "9"]
[EventCountry "ESP"]
[SourceTitle "Ajedrez en Madrid"]
[Source "lmi"]
[SourceDate "2011.07.13"]
[SourceVersion "1"]
[SourceVersionDate "2019.06.21"]
[SourceQuality "1"]

1. d4 Nf6 2. c4 g6 3. Nc3 Bg7 4. e4 d6 5. h3 O-O 6. Bg5 Nbd7 7. Bd3 e5 8. d5
Nc5 9. Bc2 h6 10. Be3 a5 11. g4 Kh7 12. Nge2 Ng8 13. Ng3 Qh4 14. Qf3 Ne7 15.
O-O-O Bd7 16. Kb1 b6 17. Rdg1 c6 18. Nf5 gxf5 19. gxf5 Rg8 20. Bg5 hxg5 21. Rg4
Bh6 22. Rxh4 gxh4 23. Qh5 f6 24. Qf7+ Rg7 25. Qxf6 cxd5 26. Qxd6 d4 27. f6 Rf7
28. Qxe5 dxc3 29. fxe7 Be8 30. Rg1 Bg7 31. Qh5+ Kg8 32. e5 Rxe7 33. Bh7+ Kh8
34. Qxh4 Raa7 35. Be4+ Kg8 36. Qh7+ Kf8 37. Bd5 Ne6 38. f4 c2+ 39. Kxc2 Bf7 40.
Rxg7 Bg6+ 41. Qxg6 Nxg7 42. f5 1-0

[Event "13. Obert Int. Sant Marti 2011"]
[Site "Barcelona ESP"]
[Date "2011.07.19"]
[Round "7.18"]
[White "Perpinya Rofes, Lluis Maria"]
[Black "Asensio Linan, Teodoro"]
[Result "0-1"]
[WhiteElo "2395"]
[BlackElo "2223"]
[PlyCount "62"]
[EventDate "2011.07.13"]
[EventType "swiss"]
[EventRounds "9"]
[EventCountry "ESP"]
[SourceTitle "Ajedrez en Madrid"]
[Source "lmi"]
[SourceDate "2011.07.13"]
[SourceVersion "1"]
[SourceVersionDate "2019.06.21"]
[SourceQuality "1"]

1. e4 e5 2. Nf3 Nc6 3. Bb5 a6 4. Ba4 Nf6 5. O-O Nxe4 6. d4 exd4 7. Re1 d5 8.
Nxd4 Bd6 9. Nxc6 Bxh2+ 10. Kh1 Qh4 11. Rxe4+ dxe4 12. Qd8+ Qxd8 13. Nxd8+ Kxd8
14. Kxh2 Be6 15. Be3 f5 16. Nc3 Ke7 17. Rd1 Kf7 18. g4 g6 19. Kg3 Rad8 20. Rh1
h5 21. gxf5 gxf5 22. Bg5 Rdg8 23. Kh4 c5 24. Rd1 b5 25. Nxb5 axb5 26. Bxb5 Rg6
27. Be2 f4 28. Bxf4 Rg2 29. Bg3 Rg8 30. Be5 R8g5 31. Bxh5+ Rxh5+ 0-1

[Event "13. Obert Int. Sant Marti 2011"]
[Site "Barcelona ESP"]
[Date "2011.07.19"]
[Round "7.19"]
[White "Mestre Bellido, Hector"]
[Black "Lopez Forn, Marc"]
[Result "1-0"]
[WhiteElo "2380"]
[BlackElo "2043"]
[PlyCount "71"]
[EventDate "2011.07.13"]
[EventType "swiss"]
[EventRounds "9"]
[EventCountry "ESP"]
[SourceTitle "Ajedrez en Madrid"]
[Source "lmi"]
[SourceDate "2011.07.13"]
[SourceVersion "1"]
[SourceVersionDate "2019.06.21"]
[SourceQuality "1"]

1. e4 c5 2. Nf3 a6 3. c4 e5 4. Nxe5 Qe7 5. d4 d6 6. Nf3 Qxe4+ 7. Be2 Nf6 8. O-O
Bg4 9. h3 Bh5 10. Re1 Be7 11. Nc3 Qc6 12. Nh4 Bg6 13. Bf3 Qd7 14. dxc5 O-O 15.
Bf4 Rd8 16. cxd6 Bxd6 17. Qxd6 Qxd6 18. Bxd6 Rxd6 19. Nxg6 hxg6 20. Bxb7 Ra7
21. Bf3 Nbd7 22. Rad1 Rb6 23. b3 Nc5 24. g4 g5 25. Rd8+ Kh7 26. Nd5 Nxd5 27.
Bxd5 a5 28. Rc8 Na6 29. Re5 a4 30. c5 Rh6 31. Kg2 axb3 32. Be4+ g6 33. axb3 Kg7
34. c6 Rh8 35. Rxh8 Kxh8 36. Ra5 1-0

[Event "13. Obert Int. Sant Marti 2011"]
[Site "Barcelona ESP"]
[Date "2011.07.19"]
[Round "7.20"]
[White "Pilgaard, Kim"]
[Black "Martinez Romero, Martin"]
[Result "1-0"]
[WhiteElo "2442"]
[BlackElo "2235"]
[PlyCount "79"]
[EventDate "2011.07.13"]
[EventType "swiss"]
[EventRounds "9"]
[EventCountry "ESP"]
[SourceTitle "Ajedrez en Madrid"]
[Source "lmi"]
[SourceDate "2011.07.13"]
[SourceVersion "1"]
[SourceVersionDate "2019.06.21"]
[SourceQuality "1"]

1. e4 c5 2. Nf3 d6 3. d4 cxd4 4. Nxd4 Nf6 5. Nc3 Nc6 6. Bg5 Bd7 7. Be2 Qa5 8.
Bxf6 gxf6 9. O-O Qg5 10. Nf5 Rg8 11. Ng3 O-O-O 12. Bh5 Rg7 13. Nd5 e6 14. Ne3
Be7 15. c3 Qc5 16. b4 Qb6 17. a4 Ne5 18. a5 Qc7 19. c4 Kb8 20. Qb3 Rdg8 21.
Rfc1 Ng6 22. c5 dxc5 23. bxc5 a6 24. Be2 Kc8 25. c6 Bxc6 26. Nd5 exd5 27. exd5
Nf4 28. Bf3 Nxd5 29. Bxd5 Rg5 30. Bxc6 bxc6 31. Qxf7 Rd8 32. Qe6+ Kb7 33. Nf5
Bd6 34. Rab1+ Ka7 35. g3 Qd7 36. Qe3+ c5 37. Rxc5 Bxc5 38. Qxc5+ Ka8 39. Qb6
Qc8 40. Ne7 1-0

[Event "13. Obert Int. Sant Marti 2011"]
[Site "Barcelona ESP"]
[Date "2011.07.20"]
[Round "8.2"]
[White "Bacallao Alonso, Yusnel"]
[Black "Karlsson, Lars"]
[Result "1-0"]
[WhiteElo "2532"]
[BlackElo "2482"]
[PlyCount "81"]
[EventDate "2011.07.13"]
[EventType "swiss"]
[EventRounds "9"]
[EventCountry "ESP"]
[SourceTitle "Ajedrez en Madrid"]
[Source "lmi"]
[SourceDate "2011.07.13"]
[SourceVersion "1"]
[SourceVersionDate "2019.06.21"]
[SourceQuality "1"]

1. e4 c5 2. Nf3 Nc6 3. Bb5 Nf6 4. Nc3 Nd4 5. e5 Nxb5 6. Nxb5 Nd5 7. O-O a6 8.
Nc3 Nxc3 9. dxc3 d5 10. exd6 Qxd6 11. Qe2 Qe6 12. Ne5 g6 13. Re1 Bg7 14. Nc4
O-O 15. Qxe6 Bxe6 16. Nb6 Rad8 17. Bf4 Bf6 18. Re2 Bxa2 19. Bc7 Be6 20. Bxd8
Rxd8 21. Ree1 Rd6 22. Na8 Bf5 23. Rad1 Rc6 24. f3 b5 25. Rd8+ Kg7 26. Rb8 Bxc2
27. Nb6 Rd6 28. Rb7 Bf5 29. Na8 Rd2 30. Nc7 Bd7 31. Rb1 g5 32. Nxa6 Bf5 33. Ra1
Rxb2 34. Nxc5 Bxc3 35. Rd1 e5 36. g4 Bc2 37. Rd5 b4 38. Ne6+ Kf6 39. Nc7 Bd4+
40. Kh1 Bd1 41. Ne8+ 1-0

[Event "13. Obert Int. Sant Marti 2011"]
[Site "Barcelona ESP"]
[Date "2011.07.20"]
[Round "8.3"]
[White "Munoz Pantoja, Miguel"]
[Black "Leon Hoyos, Manuel"]
[Result "0-1"]
[WhiteElo "2482"]
[BlackElo "2548"]
[PlyCount "180"]
[EventDate "2011.07.13"]
[EventType "swiss"]
[EventRounds "9"]
[EventCountry "ESP"]
[SourceTitle "Ajedrez en Madrid"]
[Source "lmi"]
[SourceDate "2011.07.13"]
[SourceVersion "1"]
[SourceVersionDate "2019.06.21"]
[SourceQuality "1"]

1. e4 c5 2. Nf3 d6 3. Bb5+ Nd7 4. c4 Ngf6 5. Nc3 g6 6. O-O Bg7 7. d3 O-O 8. Ne1
Nb6 9. f4 a6 10. Ba4 Nxa4 11. Qxa4 b5 12. Qc2 bxc4 13. dxc4 Rb8 14. Nd3 Be6 15.
e5 Nd7 16. exd6 Bxc4 17. Ne4 Bd4+ 18. Kh1 Bd5 19. dxe7 Qxe7 20. Ng3 Qh4 21. f5
Nf6 22. Ne2 Ng4 23. Bf4 Ne3 24. Bxe3 Bxe3 25. Ndf4 Ba8 26. Rad1 Rbe8 27. fxg6
hxg6 28. Nd5 Re5 29. Nef4 Bxf4 30. Nxf4 Rf5 31. Qd2 Re8 32. Kg1 Bc6 33. b3 Rfe5
34. a4 Ba8 35. Rf2 Rf5 36. Rdf1 Rd8 37. Qe3 Qg5 38. Qe2 Re5 39. Qxa6 Re3 40. a5
Rde8 41. Qb5 Kg7 42. b4 R8e5 43. Qb8 Re8 44. Qb5 R8e5 45. bxc5 Rf5 46. Qb2+ Kh7
47. Qb8 Be4 48. Qd6 Ra3 49. c6 Raxa5 50. c7 Ra8 51. Qd4 Rxf4 52. Qe3 Rg4 53.
Rxf7+ Kh6 54. Qh3+ Rh4 55. Qg3 Qxg3 56. hxg3 Rh5 57. Rc1 Rc8 58. Re7 Bf5 59.
Rc4 Kg5 60. Re5 Kf6 61. Rec5 Be6 62. Rc6 Re5 63. g4 Ke7 64. Rd4 g5 65. Kh2 Bd5
66. Rh6 Rxc7 67. Ra4 Re2 68. Rh7+ Kd6 69. Ra6+ Rc6 70. Rh6+ Re6 71. Rxc6+ Bxc6
72. Rh5 Re5 73. Kg3 Bd7 74. Rh6+ Be6 75. Rf6 Ke7 76. Rf2 Re4 77. Rb2 Rxg4+ 78.
Kh2 Ra4 79. Rb5 Kf6 80. Rc5 Ra2 81. Kg3 Rd2 82. Kf3 Rd5 83. Rc6 Kf5 84. Rc2 Ra5
85. Kg3 Ra3+ 86. Kh2 Ra2 87. Rc5+ Kf4 88. Rb5 Bf5 89. Rb4+ Be4 90. Kh1 g4 0-1

[Event "13. Obert Int. Sant Marti 2011"]
[Site "Barcelona ESP"]
[Date "2011.07.20"]
[Round "8.4"]
[White "Perez Mitjans, Orelvis"]
[Black "Delgado Ramos, Hector"]
[Result "1-0"]
[WhiteElo "2452"]
[BlackElo "2488"]
[PlyCount "51"]
[EventDate "2011.07.13"]
[EventType "swiss"]
[EventRounds "9"]
[EventCountry "ESP"]
[SourceTitle "Ajedrez en Madrid"]
[Source "lmi"]
[SourceDate "2011.07.13"]
[SourceVersion "1"]
[SourceVersionDate "2019.06.21"]
[SourceQuality "1"]

1. e4 c5 2. Nf3 d6 3. d4 cxd4 4. Nxd4 Nf6 5. Nc3 g6 6. Be3 Bg7 7. f3 O-O 8. Qd2
Nc6 9. O-O-O d5 10. exd5 Nxd5 11. Nxc6 bxc6 12. Bd4 Bxd4 13. Qxd4 Qb6 14. Na4
Qc7 15. Bc4 Rd8 16. Bb3 Bf5 17. Nc5 Nb6 18. Qe3 Nd5 19. Qh6 Qb6 20. Na4 Qa5 21.
h4 Nb4 22. Rxd8+ Rxd8 23. h5 gxh5 24. Qg5+ Kf8 25. a3 Nd3+ 26. cxd3 1-0

[Event "13. Obert Int. Sant Marti 2011"]
[Site "Barcelona ESP"]
[Date "2011.07.20"]
[Round "8.5"]
[White "Alarcon Casellas, Rolando"]
[Black "Cruz, Cristhian"]
[Result "0-1"]
[WhiteElo "2453"]
[BlackElo "2470"]
[PlyCount "138"]
[EventDate "2011.07.13"]
[EventType "swiss"]
[EventRounds "9"]
[EventCountry "ESP"]
[SourceTitle "Ajedrez en Madrid"]
[Source "lmi"]
[SourceDate "2011.07.13"]
[SourceVersion "1"]
[SourceVersionDate "2019.06.21"]
[SourceQuality "1"]

1. e4 e6 2. d4 d5 3. Nd2 c5 4. exd5 exd5 5. Bb5+ Bd7 6. Qe2+ Be7 7. dxc5 Nf6 8.
Nb3 O-O 9. Be3 a6 10. Bxd7 Nbxd7 11. Nf3 Re8 12. O-O Nxc5 13. Qd1 Na4 14. Rb1
Rc8 15. c3 Nb6 16. Bxb6 Qxb6 17. Qd4 Qb5 18. Rfe1 a5 19. Qf4 a4 20. Nbd4 Qb6
21. a3 Ne4 22. Qf5 Rcd8 23. Ne5 Qf6 24. Ng4 Qxf5 25. Nxf5 Bc5 26. Rbd1 Re6 27.
g3 g6 28. Rxe4 gxf5 29. Rxe6 fxe6 30. Ne5 Kg7 31. Kg2 Rd6 32. f4 Kf6 33. Kf3
Ke7 34. h3 Rd8 35. g4 d4 36. c4 Rc8 37. g5 Ba7 38. h4 Rc5 39. g6 hxg6 40. Nxg6+
Kf6 41. Ne5 Rc7 42. h5 Rh7 43. Rh1 Bb8 44. Nd3 e5 45. fxe5+ Bxe5 46. Re1 Bd6
47. c5 Bh2 48. Rh1 Bb8 49. Rh4 Be5 50. Rh1 Bb8 51. Rh4 Be5 52. Nxe5 Kxe5 53. h6
Kd5 54. Kf4 d3 55. Kxf5 d2 56. Rh1 Kxc5 57. Kg6 Rd7 58. h7 Rxh7 59. Kxh7 Kc4
60. Kg6 Kb3 61. Kf5 Kxb2 62. Ke4 Kc2 63. Kd4 d1=Q+ 64. Rxd1 Kxd1 65. Kc4 Kc2
66. Kb4 b5 67. Kxb5 Kb3 68. Kc5 Kxa3 69. Kc4 Kb2 0-1

[Event "13. Obert Int. Sant Marti 2011"]
[Site "Barcelona ESP"]
[Date "2011.07.20"]
[Round "8.6"]
[White "Jimenez Fraga, Pedro Alejandro"]
[Black "Gonzalez Rodriguez, Jorge A."]
[Result "1-0"]
[WhiteElo "2464"]
[BlackElo "2434"]
[PlyCount "39"]
[EventDate "2011.07.13"]
[EventType "swiss"]
[EventRounds "9"]
[EventCountry "ESP"]
[SourceTitle "Ajedrez en Madrid"]
[Source "lmi"]
[SourceDate "2011.07.13"]
[SourceVersion "1"]
[SourceVersionDate "2019.06.21"]
[SourceQuality "1"]

1. e4 e6 2. d4 d5 3. Nd2 Nf6 4. e5 Ng8 5. Bd3 c5 6. c3 Nc6 7. Ne2 Bd7 8. O-O
cxd4 9. cxd4 Nb4 10. Bb1 Bb5 11. a3 Nd3 12. Qb3 Bc4 13. Nxc4 dxc4 14. Qxb7 Rc8
15. Qxa7 Ne7 16. Qa4+ Qd7 17. Qxd7+ Kxd7 18. Bxd3 cxd3 19. Nf4 Nf5 20. Rd1 1-0

[Event "13. Obert Int. Sant Marti 2011"]
[Site "Barcelona ESP"]
[Date "2011.07.20"]
[Round "8.7"]
[White "Ortiz Suarez, Isan Reynaldo"]
[Black "Lorenzo De La Riva, Lazaro"]
[Result "1-0"]
[WhiteElo "2556"]
[BlackElo "2391"]
[PlyCount "67"]
[EventDate "2011.07.13"]
[EventType "swiss"]
[EventRounds "9"]
[EventCountry "ESP"]
[SourceTitle "Ajedrez en Madrid"]
[Source "lmi"]
[SourceDate "2011.07.13"]
[SourceVersion "1"]
[SourceVersionDate "2019.06.21"]
[SourceQuality "1"]

1. d4 d5 2. c4 e6 3. Nc3 Bb4 4. Nf3 Nf6 5. Qa4+ Nc6 6. e3 O-O 7. Bd3 dxc4 8.
Bxc4 Bd6 9. O-O e5 10. h3 e4 11. Nd2 Re8 12. Qc2 Qe7 13. f3 exf3 14. Nxf3 Nb4
15. Qb3 c5 16. Ng5 Rf8 17. a3 Nc6 18. Qc2 g6 19. Qf2 Kg7 20. Nb5 Ne8 21. Qxf7+
Rxf7 22. Rxf7+ Qxf7 23. Nxf7 Be7 24. dxc5 Bxc5 25. b4 Be7 26. e4 h5 27. Bb2+
Kh7 28. Rd1 a5 29. bxa5 Rxa5 30. Nfd6 Nxd6 31. Nxd6 Bxd6 32. Rxd6 Rc5 33. Bf7
Re5 34. Bc1 1-0

[Event "13. Obert Int. Sant Marti 2011"]
[Site "Barcelona ESP"]
[Date "2011.07.20"]
[Round "8.9"]
[White "Carstensen, Jacob"]
[Black "Gonzalez Garcia, Jose"]
[Result "1/2-1/2"]
[WhiteElo "2391"]
[BlackElo "2522"]
[PlyCount "111"]
[EventDate "2011.07.13"]
[EventType "swiss"]
[EventRounds "9"]
[EventCountry "ESP"]
[SourceTitle "Ajedrez en Madrid"]
[Source "lmi"]
[SourceDate "2011.07.13"]
[SourceVersion "1"]
[SourceVersionDate "2019.06.21"]
[SourceQuality "1"]

1. d4 Nf6 2. c4 e6 3. g3 d5 4. Nf3 dxc4 5. Bg2 Bb4+ 6. Bd2 c5 7. dxc5 Bxc5 8.
O-O O-O 9. Qc2 Nbd7 10. Qxc4 b5 11. Qxb5 Rb8 12. Qc4 Bb7 13. b4 Bd5 14. Qa6
Bxf3 15. Bxf3 Bd4 16. Nc3 Rxb4 17. Rad1 Qb8 18. Na4 Qb5 19. Qxb5 Rxb5 20. Bc6
Rbb8 21. Bxd7 Nxd7 22. Be1 e5 23. e3 Nb6 24. exd4 Nxa4 25. dxe5 Rfc8 26. Rd7 a6
27. a3 h5 28. Bb4 Rb5 29. Re1 Nb6 30. Ra7 Nd5 31. e6 fxe6 32. Rxe6 Nxb4 33.
axb4 Kh7 34. Ree7 Rg8 35. Rxa6 Rxb4 36. h4 Rb5 37. Kg2 Rf5 38. Raa7 Kh6 39. f4
Rb5 40. Re6+ Kh7 41. Rf7 Rbb8 42. Ree7 Rbf8 43. f5 Rxf7 44. Rxf7 Kh6 45. f6 g5
46. hxg5+ Rxg5 47. Rf8 Kg6 48. Kh3 Ra5 49. Rg8+ Kf7 50. Rb8 Kxf6 51. Kh4 Kg6
52. Rb6+ Kg7 53. Re6 Rb5 54. Ra6 Rc5 55. g4 hxg4 56. Kxg4 1/2-1/2

[Event "13. Obert Int. Sant Marti 2011"]
[Site "Barcelona ESP"]
[Date "2011.07.20"]
[Round "8.10"]
[White "Abreu Delgado, Aryam"]
[Black "Mestre Bellido, Hector"]
[Result "1-0"]
[WhiteElo "2479"]
[BlackElo "2380"]
[PlyCount "65"]
[EventDate "2011.07.13"]
[EventType "swiss"]
[EventRounds "9"]
[EventCountry "ESP"]
[SourceTitle "Ajedrez en Madrid"]
[Source "lmi"]
[SourceDate "2011.07.13"]
[SourceVersion "1"]
[SourceVersionDate "2019.06.21"]
[SourceQuality "1"]

1. e4 e5 2. Nf3 Nc6 3. Bb5 a6 4. Ba4 Nf6 5. O-O Be7 6. d3 b5 7. Bb3 d6 8. a4
Bd7 9. c3 O-O 10. Ba2 Qb8 11. Nbd2 Nd8 12. Re1 c5 13. Nf1 Re8 14. Bg5 Ng4 15.
Bd2 Be6 16. h3 Nf6 17. Bg5 Nd7 18. Ne3 Bxg5 19. Nxg5 Bxa2 20. Rxa2 h6 21. Nf3
Ne6 22. g3 Nb6 23. a5 Nc8 24. Nh4 Ne7 25. Qg4 Kh7 26. Nhf5 Nxf5 27. exf5 Nf8
28. Nd5 Qd8 29. Qh5 Ra7 30. Raa1 Qg5 31. Qf3 Nd7 32. Re2 Nf6 33. h4 1-0

[Event "13. Obert Int. Sant Marti 2011"]
[Site "Barcelona ESP"]
[Date "2011.07.20"]
[Round "8.12"]
[White "Cruz, Jonathan"]
[Black "Martinez Ramirez, Erik"]
[Result "1/2-1/2"]
[WhiteElo "2406"]
[BlackElo "2257"]
[PlyCount "78"]
[EventDate "2011.07.13"]
[EventType "swiss"]
[EventRounds "9"]
[EventCountry "ESP"]
[SourceTitle "Ajedrez en Madrid"]
[Source "lmi"]
[SourceDate "2011.07.13"]
[SourceVersion "1"]
[SourceVersionDate "2019.06.21"]
[SourceQuality "1"]

1. d4 Nf6 2. c4 g6 3. Nc3 d5 4. cxd5 Nxd5 5. Bd2 Bg7 6. e4 Nb6 7. Be3 O-O 8.
Nf3 Bg4 9. Be2 Nc6 10. d5 Na5 11. O-O Nac4 12. Bxb6 Nxb6 13. a4 a5 14. Qb3 c6
15. h3 Bxf3 16. Bxf3 Nd7 17. Qxb7 Rb8 18. Qa7 Ne5 19. dxc6 Rxb2 20. Nd5 Nxc6
21. Qc5 Nd4 22. Nxe7+ Kh8 23. Rad1 Re8 24. Nc6 Nxf3+ 25. gxf3 Qh4 26. Kg2 Qf4
27. Qd6 Qg5+ 28. Qg3 Qc5 29. Nd8 Qe7 30. Nc6 Qc5 31. Nd8 Qe7 32. Qd6 Qg5+ 33.
Kh1 Kg8 34. Qd7 Re7 35. Qc8 Re8 36. Qd7 Re7 37. Qc8 Re8 38. Qc7 Re7 39. Qc8 Re8
1/2-1/2

[Event "13. Obert Int. Sant Marti 2011"]
[Site "Barcelona ESP"]
[Date "2011.07.20"]
[Round "8.13"]
[White "Gonzalez Perez, Arian"]
[Black "Aranda Gonzalez, Jose"]
[Result "1-0"]
[WhiteElo "2490"]
[BlackElo "2260"]
[PlyCount "73"]
[EventDate "2011.07.13"]
[EventType "swiss"]
[EventRounds "9"]
[EventCountry "ESP"]
[SourceTitle "Ajedrez en Madrid"]
[Source "lmi"]
[SourceDate "2011.07.13"]
[SourceVersion "1"]
[SourceVersionDate "2019.06.21"]
[SourceQuality "1"]

1. d4 d5 2. c4 c6 3. Nf3 dxc4 4. e4 b5 5. a4 e6 6. Nc3 b4 7. Na2 Nf6 8. e5 Nd5
9. Bxc4 a5 10. O-O Ba6 11. Bg5 Be7 12. Bxe7 Qxe7 13. Rc1 O-O 14. Bxa6 Rxa6 15.
Qe2 Rc8 16. Nd2 Nb6 17. b3 Ra7 18. Ne4 Rd7 19. Nd6 Rcd8 20. Rcd1 Nc8 21. Nc4
Rd5 22. Nc1 Qa7 23. Qf3 Rxd4 24. Rxd4 Rxd4 25. Ne2 Rd8 26. Ng3 Ne7 27. Ne4 Nd5
28. Ncd6 Rf8 29. Rd1 Nd7 30. Qg3 f6 31. exf6 N7xf6 32. Ng5 Nh5 33. Qh4 Rf4 34.
g4 Ne3 35. Nc8 Rd4 36. Rxd4 Qxd4 37. Ne7+ 1-0

[Event "13. Obert Int. Sant Marti 2011"]
[Site "Barcelona ESP"]
[Date "2011.07.20"]
[Round "8.14"]
[White "Duran, Reinaldo"]
[Black "Pilgaard, Kim"]
[Result "1/2-1/2"]
[WhiteElo "2098"]
[BlackElo "2442"]
[PlyCount "87"]
[EventDate "2011.07.13"]
[EventType "swiss"]
[EventRounds "9"]
[EventCountry "ESP"]
[SourceTitle "Ajedrez en Madrid"]
[Source "lmi"]
[SourceDate "2011.07.13"]
[SourceVersion "1"]
[SourceVersionDate "2019.06.21"]
[SourceQuality "1"]

1. d4 Nf6 2. c4 b6 3. Nc3 Bb7 4. Qc2 d5 5. cxd5 Nxd5 6. Nf3 e6 7. e4 Nxc3 8.
bxc3 Be7 9. Bb5+ c6 10. Bd3 O-O 11. O-O c5 12. Qe2 cxd4 13. cxd4 Nc6 14. Bb2
Rc8 15. Rac1 Nb4 16. Bc4 Rxc4 17. Rxc4 Ba6 18. a3 Nc6 19. Qc2 Bxc4 20. Qxc4 Na5
21. Qb5 Bf6 22. Rd1 Qc7 23. Rc1 Qb7 24. Qd3 b5 25. Nd2 Nc4 26. Nxc4 bxc4 27.
Qe2 Rc8 28. Rxc4 Rxc4 29. Qxc4 g6 30. Qc2 Qb6 31. Qc3 Qb7 32. Qc2 Qb6 33. Qc3
Qb7 34. f3 Qb6 35. Kf1 h5 36. g3 h4 37. Kg2 Qb5 38. Qd2 hxg3 39. hxg3 a5 40.
Kf2 a4 41. Kg2 Bg7 42. Kf2 Bf6 43. Kg2 Bg7 44. Kf2 1/2-1/2

[Event "13. Obert Int. Sant Marti 2011"]
[Site "Barcelona ESP"]
[Date "2011.07.20"]
[Round "8.15"]
[White "Rojas Keim, Luis"]
[Black "Marches Rios, Joan Manuel"]
[Result "0-1"]
[WhiteElo "2438"]
[BlackElo "2086"]
[PlyCount "100"]
[EventDate "2011.07.13"]
[EventType "swiss"]
[EventRounds "9"]
[EventCountry "ESP"]
[SourceTitle "Ajedrez en Madrid"]
[Source "lmi"]
[SourceDate "2011.07.13"]
[SourceVersion "1"]
[SourceVersionDate "2019.06.21"]
[SourceQuality "1"]

1. d4 d5 2. Nf3 Nf6 3. c4 c6 4. Nc3 e6 5. Bg5 h6 6. Bxf6 Qxf6 7. e3 Nd7 8. Bd3
g6 9. O-O Bg7 10. e4 dxe4 11. Nxe4 Qf4 12. g3 Qc7 13. Rc1 O-O 14. Qe2 e5 15. d5
f5 16. Nc3 e4 17. Nxe4 fxe4 18. Bxe4 Nc5 19. Nh4 Nxe4 20. Qxe4 Bf5 21. Nxf5
Rxf5 22. Rc2 Qe5 23. Qg4 Qf6 24. dxc6 Qxc6 25. Re1 Re8 26. Rxe8+ Qxe8 27. Re2
Re5 28. Rxe5 Bxe5 29. Qe4 Qe6 30. Qxb7 Bd4 31. Qb8+ Kg7 32. Qc7+ Qf7 33. Qxf7+
Kxf7 34. b3 Ke6 35. Kf1 Ke5 36. Ke2 Bc5 37. h4 Ke4 38. f3+ Kd4 39. Kd2 Bb4+ 40.
Ke2 Bd6 41. f4 Ke4 42. Kf2 h5 43. Kg2 Bc5 44. Kh3 Kf3 45. Kh2 Bf2 46. b4 Bxg3+
47. Kh3 Bxf4 48. c5 Ke4 49. b5 Kd5 50. c6 Kc5 0-1

[Event "13. Obert Int. Sant Marti 2011"]
[Site "Barcelona ESP"]
[Date "2011.07.20"]
[Round "8.16"]
[White "Pogorelov, Ruslan"]
[Black "Ryan, Joseph"]
[Result "1-0"]
[WhiteElo "2430"]
[BlackElo "2267"]
[PlyCount "37"]
[EventDate "2011.07.13"]
[EventType "swiss"]
[EventRounds "9"]
[EventCountry "ESP"]
[SourceTitle "Ajedrez en Madrid"]
[Source "lmi"]
[SourceDate "2011.07.13"]
[SourceVersion "1"]
[SourceVersionDate "2019.06.21"]
[SourceQuality "1"]

1. Nf3 Nf6 2. c4 g6 3. Nc3 d5 4. cxd5 Nxd5 5. Qa4+ c6 6. d4 Nb6 7. Qc2 Bg4 8.
e3 Bxf3 9. gxf3 Bg7 10. h4 h5 11. Bd3 Nd5 12. Bxg6 fxg6 13. Qxg6+ Kf8 14. Rg1
Rg8 15. e4 Nb4 16. Bh6 Nd3+ 17. Ke2 Qxd4 18. Rad1 Nd7 19. Qf5+ 1-0

[Event "13. Obert Int. Sant Marti 2011"]
[Site "Barcelona ESP"]
[Date "2011.07.20"]
[Round "8.17"]
[White "Gavilan Diaz, Mario"]
[Black "Beltran Rueda, Santiago"]
[Result "0-1"]
[WhiteElo "2266"]
[BlackElo "2376"]
[PlyCount "130"]
[EventDate "2011.07.13"]
[EventType "swiss"]
[EventRounds "9"]
[EventCountry "ESP"]
[SourceTitle "Ajedrez en Madrid"]
[Source "lmi"]
[SourceDate "2011.07.13"]
[SourceVersion "1"]
[SourceVersionDate "2019.06.21"]
[SourceQuality "1"]

1. d4 Nf6 2. c4 e6 3. Nc3 Bb4 4. Qc2 O-O 5. a3 Bxc3+ 6. Qxc3 b6 7. Bg5 Bb7 8.
Nf3 d6 9. e3 Nbd7 10. Bd3 c5 11. O-O Rc8 12. dxc5 Bxf3 13. gxf3 Rxc5 14. f4 Qa8
15. b4 Rcc8 16. f3 b5 17. Qd4 bxc4 18. Bxc4 h6 19. Bh4 e5 20. fxe5 dxe5 21. Qd3
e4 22. Qd4 exf3 23. Rac1 Rce8 24. Bd3 Qb7 25. Bg3 Rc8 26. e4 Rfd8 27. Rxc8 Qxc8
28. Rxf3 Ng4 29. Rxf7 Ndf6 30. Qc4 Qxc4 31. Bxc4 Rd1+ 32. Kg2 Ne3+ 33. Kf3 Nxc4
34. Rxa7 Rd3+ 35. Ke2 Re3+ 36. Kf1 Rxa3 37. Rc7 Nxe4 38. b5 Rb3 39. Be1 Ncd6
40. Ke2 Nxb5 41. Rd7 Rh3 42. Bb4 Rxh2+ 43. Kf3 Nf6 44. Rb7 Nd4+ 45. Kg3 Rb2 46.
Rb8+ Kh7 47. Bd6 Rxb8 48. Bxb8 g5 49. Ba7 Nf5+ 50. Kf3 Kg6 51. Bb6 g4+ 52. Kg2
Nd5 53. Ba7 Nf4+ 54. Kf2 Kg5 55. Bb8 h5 56. Bc7 h4 57. Bd8+ Kh5 58. Bc7 Nd5 59.
Be5 Kg5 60. Bb8 Nf6 61. Bc7 Ne4+ 62. Kg2 h3+ 63. Kh2 Nd4 64. Kg1 Nf3+ 65. Kf1
g3 0-1

[Event "13. Obert Int. Sant Marti 2011"]
[Site "Barcelona ESP"]
[Date "2011.07.20"]
[Round "8.18"]
[White "Vidarte Morales, Arturo"]
[Black "Dalo, Hermes"]
[Result "1/2-1/2"]
[WhiteElo "2359"]
[BlackElo "2049"]
[PlyCount "84"]
[EventDate "2011.07.13"]
[EventType "swiss"]
[EventRounds "9"]
[EventCountry "ESP"]
[SourceTitle "Ajedrez en Madrid"]
[Source "lmi"]
[SourceDate "2011.07.13"]
[SourceVersion "1"]
[SourceVersionDate "2019.06.21"]
[SourceQuality "1"]

1. d4 Nf6 2. c4 g6 3. Nc3 Bg7 4. e4 d6 5. f3 O-O 6. Nge2 Nc6 7. Be3 a6 8. Qd2
Rb8 9. Rb1 e5 10. d5 Ne7 11. g4 Ne8 12. Ng3 f5 13. gxf5 gxf5 14. Bg5 Nf6 15.
Bd3 f4 16. Nf5 Nxf5 17. exf5 Qe8 18. Qg2 Kh8 19. Kd2 b5 20. cxb5 axb5 21. Rhg1
b4 22. Bxf6 Bxf6 23. Ne4 Qf7 24. Rbc1 Bxf5 25. Nxf6 Bxd3 26. Kxd3 Qxf6 27. Rxc7
Qf5+ 28. Kd2 Rf7 29. Rc4 Qf6 30. Rxb4 Rff8 31. Rxb8 Rxb8 32. Kc1 Qf7 33. a3 Rb5
34. Qg5 Qc7+ 35. Kb1 Rxb2+ 36. Kxb2 Qb6+ 37. Ka2 Qf2+ 38. Ka1 Qd4+ 39. Kb1 Qd3+
40. Kb2 Qd2+ 41. Kb3 Qxd5+ 42. Kb2 Qd2+ 1/2-1/2

[Event "13. Obert Int. Sant Marti 2011"]
[Site "Barcelona ESP"]
[Date "2011.07.20"]
[Round "8.19"]
[White "Rios, Cristhian Camilo"]
[Black "Lacasta Palacios, Joaquim"]
[Result "1-0"]
[WhiteElo "2424"]
[BlackElo "2180"]
[PlyCount "69"]
[EventDate "2011.07.13"]
[EventType "swiss"]
[EventRounds "9"]
[EventCountry "ESP"]
[SourceTitle "Ajedrez en Madrid"]
[Source "lmi"]
[SourceDate "2011.07.13"]
[SourceVersion "1"]
[SourceVersionDate "2019.06.21"]
[SourceQuality "1"]

1. d4 e6 2. c4 Bb4+ 3. Nc3 f5 4. e3 Nf6 5. Nge2 O-O 6. a3 Bxc3+ 7. Nxc3 d6 8.
Qc2 Qe7 9. Bd3 Nbd7 10. O-O g6 11. e4 fxe4 12. Nxe4 Nxe4 13. Bxe4 Nf6 14. Bh6
Rf7 15. Bf3 c6 16. Rfe1 Bd7 17. Re3 Kh8 18. Bg5 Qf8 19. Rae1 Re8 20. Qd2 b6 21.
c5 d5 22. cxb6 axb6 23. Rb3 Rb8 24. Bf4 Rb7 25. Be5 Kg8 26. h4 Bc8 27. h5 gxh5
28. Qg5+ Qg7 29. Qxg7+ Kxg7 30. Bxh5 Rf8 31. Rg3+ Kh8 32. Rf3 Kg7 33. g4 h6 34.
Rxf6 Rxf6 35. f4 1-0